| 000 | 01943cam a2200265 4500500 | ||
|---|---|---|---|
| 005 | 20251228052025.0 | ||
| 041 | _afre | ||
| 042 | _adc | ||
| 100 | 1 | 0 |
_aDahan, Gilbert _eauthor |
| 245 | 0 | 0 | _aLa critique textuelle au Moyen Âge |
| 260 | _c2021. | ||
| 500 | _a35 | ||
| 520 | _aLes correctoires sont des recueils de notes critiques sur le texte (latin) de la Vulgate. Est donné comme exemple le correctoire Sorbonne II (ms. BnF lat. 15554, seconde partie) sur Osée. On y perçoit la richesse des sources (texte massorétique, vieilles latines et manuscrits de la Vulgate, Pères de l’Église, autres correctoires) et on a un exemple de la méthode : les auteurs comparent les textes de leurs bibles au texte massorétique pour déterminer les interpolations, les omissions et les modifications ; ils sont attentifs aux questions de ponctuation. | ||
| 520 | _aCorrectories are collections of critical notes on the (Latin) text of the Vulgate. The correctory Sorbonne II (MS BnF lat. 15554, second part) on Hosea is presented as an example. One notices there the richness of the sources (the Masoretic Text, the Old Latin, manuscripts of the Vulgate, Fathers of the Church, other correctories). One also finds an example of method–the authors compare the texts of their Bibles to the Masoretic text to determine interpolations, omissions and modifications; they are attentive to questions of punctuation. | ||
| 690 | _acorrectoires bibliques | ||
| 690 | _acritique textuelle | ||
| 690 | _aexégèse médiévale | ||
| 690 | _aVulgate | ||
| 690 | _abiblical correctories | ||
| 690 | _amedieval exegesis | ||
| 690 | _atextual criticism | ||
| 690 | _aVulgate | ||
| 786 | 0 | _nRevue des sciences philosophiques et théologiques | Tome 104 | 4 | 2021-11-23 | p. 663-673 | 0035-2209 | |
| 856 | 4 | 1 | _uhttps://shs.cairn.info/revue-des-sciences-philosophiques-et-theologiques-2020-4-page-663?lang=fr&redirect-ssocas=7080 |
| 999 |
_c1582667 _d1582667 |
||